[Event "GER-ch U18 sf Berlin Online"]
[Site "Playchess.com INT"]
[Date "2020.05.01"]
[Round "7"]
[White "Parmakerli, Eren"]
[Black "Stepanjan, Marianne"]
[Result "0-1"]
[WhiteElo "1620"]
[BlackElo "1620"]
[PlyCount "100"]
[EventDate "2020.05.01"]
[EventType "swiss (blitz)"]
[EventRounds "13"]
[EventCountry "GER"]
[SourceTitle "CBM 195 Extra"]
[Source "ChessBase"]
[SourceDate "2020.05.31"]
[SourceVersion "1"]
[SourceVersionDate "2020.05.31"]
[SourceQuality "1"]

1. e4 c5 2. Bc4 d6 3. Nc3 Nf6 4. d4 e6 5. d5 exd5 6. exd5 Be7 7. Bb5+ Bd7 8. Bxd7+ Nbxd7 9. Bg5 Nb6 10. Bxf6 Bxf6 11. Qe2+ Qe7 12. Qxe7+ Bxe7 13. 0-0-0 0-0-0 14. Nb5 Bg5+ 15. Kb1 a6 16. Na7+ Kb8 17. h4 Kxa7 18. hxg5 Rde8 19. Nf3 Re2 20. Rhf1 Rhe8 21. Rde1 Nxd5 22. Rxe2 Rxe2 23. Re1 Rxf2 24. Nh4 f6 25. g6 hxg6 26. Nxg6 Rxg2 27. Ne7 Rg6 28. Nxd5 Rg5 29. Ne7 f5 30. Nc8+ Kb8 31. Nxd6 f4 32. Rf1 Rg6 33. Ne4 Re6 34. Rxf4 Rh6 35. b3 Rh1+ 36. Kb2 Rg1 37. Nxc5 g5 38. Rf8+ Kc7 39. Rf7+ Kc6 40. Ne4 g4 41. Rf6+ Kd5 42. Nd2 g3 43. Rg6 Kd4 44. Nf3+ Ke3 45. Nxg1 Kf2 46. Rf6+ Kxg1 47. Rg6 g2 48. Rg3 Kf1 49. c4 g1Q 50. b4 Qf2+ 0-1